000 00792nam a2200229 a 4500
003 MX-MxUPN
005 20240706063635.0
008 991125s1933 sp r 000 0 spa d
035 _aUPN01000003009
040 _aMX-MxUPN
_bspa
_cMX-MxUPN
041 1 _aspa
_hger
050 1 4 _aLC4601
_bS8.38
100 1 _aStern, Erich,
_d1889-1959
_952701
245 1 0 _aAnormalidades mentales y educabilidad difícil de niños y jóvenes
260 _aBarcelona :
_bLabor,
_c1933.
300 _a244 páginas
490 0 _aLabor. Biblioteca de iniciación cultural. Educación ;
_v331
650 4 _aNiños con discapacidad
_xEducación
_91549
700 1 _aChleusebairgue, Alejandro
_951681
_etraducción
710 2 _aMuseo Pedagógico Nacional (México)
_951335
_epropietario anterior
942 _2lcc
_cLIBRO
999 _c3009
_d3009